Online marketingová komunikácia diplomová práca

Salvato in:
Dettagli Bibliografici
Autore principale: Rojková, Iveta
Ente Autore: Obchodná fakulta EU. Katedra služieb a cestovného ruchu - zrušené
Altri autori: Benešová, Dana, 1958-
Natura: Libro
Lingua:slovacco
Pubblicazione: Bratislava 2018
Tags: Aggiungi Tag
Nessun Tag, puoi essere il primo ad aggiungerne!!

MARC

LEADER 00000nbm a2200000 4500
001 0247315
005 20180904143410.6
041 0 |a slo 
044 |a SK 
245 1 0 |a Online marketingová komunikácia  |b diplomová práca  |c Iveta Rojková ; školiteľ: Dana Benešová 
264 1 |a Bratislava  |c 2018 
300 |a 73 s. 
100 1 |a Rojková, Iveta 
700 1 |a Benešová, Dana, 1958- 
710 2 |a Obchodná fakulta EU. Katedra služieb a cestovného ruchu - zrušené